Aspectos sociales de la educación

Kaydedildi:
Detaylı Bibliyografya
Asıl Yazarlar: Hurtig, Marie Claude (Yazar), Filloux, Jean Claude (Yazar), Mollo, Suzanne (Yazar), Berger, Ida (Yazar), Isambert Jamati, Viviane (Yazar), Bourguignon, Odile (Yazar), Clerc, Paul (Yazar), Eicher, Jean Claude (Yazar), Raffestin, André (Yazar), Vial, Jean (Yazar)
Materyal Türü: Kitap
Dil:İspanyolca
Baskı/Yayın Bilgisi: Barcelona Oikos-Tau 1976
Seri Bilgileri:Tratado de Ciencias Pedagógicas, 9 - 10
Konular:
Etiketler: Etiketle
Etiket eklenmemiş, İlk siz ekleyin!

MARC

LEADER 00000nam a2200000 a 4500
001 UCZ6810
003 CL-VaPUC
008 951215e19760000SP |||||||||||||||||spa|d
082 0 4 |a 370.19  |b HUR  |2 21 
100 0 |a Hurtig, Marie Claude  |e author  |9 351320 
700 0 |a Filloux, Jean Claude  |e author  |9 351321 
700 0 |a Mollo, Suzanne  |e author  |9 351322 
700 0 |a Berger, Ida  |e author  |9 351323 
700 0 |a Isambert Jamati, Viviane  |e author  |9 351324 
700 0 |a Bourguignon, Odile  |e author  |9 351325 
700 0 |a Clerc, Paul  |e author  |9 351326 
700 0 |a Eicher, Jean Claude  |e author  |9 351327 
700 0 |a Raffestin, André  |e author  |9 351328 
700 0 |a Vial, Jean  |e author  |9 351329 
245 1 0 |a Aspectos sociales de la educación 
300 |a v 
942 |c BK 
945 |d 19951215 00:00:00  |a cmena 
260 |a Barcelona  |b Oikos-Tau  |c 1976 
650 0 |a Psicología educacional   |9 307830 
650 0 |a Educación  |9 258661 
650 0 |a Aspectos sociales  |9 254894 
650 0 |a Niños  |9 255605 
650 0 |a Comportamiento social  |9 334200 
650 0 |a Relaciones interpersonales  |9 307056 
650 0 |a Desarrollo individual   |9 307875 
650 0 |a Rol del docente  |9 329733 
583 |a last modification  |c 19951215 00:00:00  |k Rodrigo Vera 
490 0 |a Tratado de Ciencias Pedagógicas, 9 - 10 
999 |c 242972  |d 242970 
952 |0 0  |1 0  |4 0  |6 370_190000000000000_HUR_1976  |7 0  |8 P  |9 256312  |a BIBEDU  |b BIBEDU  |c BIBEDU_PB  |d 2019-11-19  |h v.1  |i 160709K  |o 370.19 HUR 1976  |p 160709K  |r 2024-01-25  |w 2019-11-19  |y BK  |k EDU 
952 |0 0  |1 0  |4 0  |6 370_190000000000000_HUR_1976  |7 0  |8 P  |9 256313  |a BIBEDU  |b BIBEDU  |c BIBEDU_PB  |d 2019-11-19  |h v.2  |i 1607138  |o 370.19 HUR 1976  |p 1607138  |r 2024-01-25  |w 2019-11-19  |y BK  |k EDU 
952 |0 0  |1 0  |4 0  |6 370_190000000000000_HUR_1976  |7 0  |8 P  |9 256314  |a BIBEDU  |b BIBEDU  |c BIBEDU_PB  |d 2019-11-19  |i 3283496  |o 370.19 HUR 1976  |p 3283496  |r 2024-01-25  |w 2019-11-19  |y BK  |k LIT 
952 |0 0  |1 0  |4 0  |6 370_190000000000000_HUR_1976  |7 0  |8 P  |9 256315  |a BIBEDU  |b BIBEDU  |c BIBEDU_PB  |d 2019-11-19  |i 3289834  |o 370.19 HUR 1976  |p 3289834  |r 2024-01-25  |w 2019-11-19  |y BK  |k EDU